000 00781nam a2200229 i 4500
003 IT-RoINE
005 20160208071125.0
008 971125s1951 sp | r ||| ||spa d
040 _aSpMaBN
_cSpMaBN IT-RoINE
_dIT-RoINE
100 1 _aEspinel, Vicente,
_d1550-1624
_922577
240 1 0 _aVida del escudero Marcos de Obregón
245 1 0 _aVida de Marcos de Obregón /
_cEspinel ; edición y notas de Samuel Gili Gaya.
260 _aMadrid :
_bEspasa-Calpe,
_c1951.
300 _a2 v. ;
_c20 cm.
336 _2rdacontent
_atext
337 _2rdamedia
_aunmediated
338 _2rdacarrier
_avolume
490 1 _aClásicos castellanos ;
_v43, 51
700 1 _aGili Gaya, Samuel,
_d1892-1976
_910712
830 0 _aClásicos castellanos (Espasa-Calpe) ;
_v43, 51
_922520
942 _cMTS
999 _c10934
_d10934